000 00626nam a2200253Ia 4500
005 20260121161130.0
008 008 260114s9999 xx 000 0 eng d
020 _a9781003212676
037 _aEBOOK
040 _aCRL
040 _beng
040 _cCRL
041 _2eng
041 _aeng
084 _qCRL
100 _a Muriel Franklin
_91040609
245 0 _aScrap Book of the Working Men's College in Two World Wars
260 _bTaylor and Francis
260 _c1965
856 _uhttp://www.taylorfrancis.com/books/9781003212676
942 _cEBOOK
999 _c1607425
_d1607425